Estudios sobre historia de la ciencia española
Guardado en:
| Autor principal: | |
|---|---|
| Formato: | Libro |
| Lenguaje: | español |
| Publicado: |
Barcelona, España
Consejo Superior de Investigaciones Científicas
1949
|
| Colección: | Estudios,
2 |
| Materias: | |
| Etiquetas: |
Agregar Etiqueta
Sin Etiquetas, Sea el primero en etiquetar este registro!
|
MARC
| LEADER | 00000nam a2200000 a 4500 | ||
|---|---|---|---|
| 001 | UCO1636 | ||
| 003 | CL-VaPUC | ||
| 005 | 20240820120624.0 | ||
| 008 | 000519e19490000SP |||||||||||||||||spa|d | ||
| 999 | |c 288240 |d 288238 | ||
| 040 | |c Pontificia Universidad Católica de Valparaíso | ||
| 082 | 0 | 4 | |a 508.46 MIL 1949 |2 21 |
| 100 | |a Millás Vallicrosa, José María |e autor |9 444011 | ||
| 245 | 1 | 0 | |a Estudios sobre historia de la ciencia española |
| 260 | |a Barcelona, España |b Consejo Superior de Investigaciones Científicas |c 1949 | ||
| 300 | |a 499 páginas | ||
| 490 | 0 | |a Estudios, |v 2 | |
| 583 | |a last modification |c 20160914 10:29:10 |k Rodrigo Vera | ||
| 650 | 0 | |a Historia de las ciencias |z ESPAÑA |9 264975 | |
| 650 | 0 | |a Astrología |z ESPAÑA |9 265005 | |
| 650 | 0 | |a Cosmografía |z ESPAÑA |9 255932 | |
| 650 | 0 | |a Física |z ESPAÑA |9 227844 | |
| 852 | |a BIBCUR | ||
| 942 | |c BK |2 ddc | ||
| 945 | |d 20000519 00:00:00 |a rherrera | ||
| 952 | |0 0 |1 0 |2 ddc |4 0 |6 508_460000000000000_MIL_1949 |7 0 |8 X |9 335805 |a BIBHIS |b BIBHIS |d 2019-11-20 |i 1281887 |o 508.46 MIL 1949 |p 1281887 |r 2024-01-30 |t 1 |w 2019-11-20 |y BK_X |k HIS | ||
| 952 | |0 0 |1 0 |2 ddc |4 0 |6 508_460000000000000_MIL_1949 |7 0 |8 X |9 335806 |a BIBHIS |b BIBHIS |d 2019-11-20 |i 1281879 |o 508.46 MIL 1949 |p 1281879 |r 2024-01-30 |t 2 |w 2019-11-20 |y BK_X |k HIS | ||